000 00817nam a22002297a 4500
999 _c22553
_d22553
003 AR-CdUCM
008 190423b ||||| |||| 00| 0 spa d
020 _a9786124299698
040 _aMUNICIPALIDAD PROVINCIAL DEL CUSCO
_cBIBLIOTECA MUNICIPAL DEL CUSCO
041 _hspa
082 _aES/848.9/G75P
_bG75P
100 _aGoscinny
_948495
245 _aEl pequeño Nicolás /
_cGoscinny-Sempé ; [ilustraciones, Sempé ; traducción, Esther Benítez]
260 _aLima :
_bLoqueleo,
_c2019.
300 _a208, [4] páginas. :
_bilustraciones ;
_c21 cm.
500 _araducción de: Le petit Nicolas. "Narrativa. +10"--Cubierta.
650 _aCuentos infantiles franceses
_927650
700 _aSempé
_eilustrador
_948496
700 _aBenítez, Esther
_etraductor
_948497
942 _2ddc
_cLIBROS
945 _arac